| 000 | 00000nam 2200000za 4500 |
| 001 | 9.817001 |
| 003 | CaOODSP |
| 005 | 20230201095212 |
| 007 | cr ||||||||||| |
| 008 | 160506s2015 onc o f000 0 fre d |
| 020 | |z978-0-660-03865-0 |
| 040 | |aCaOODSP|bfre |
| 043 | |an-cn--- |
| 086 | 1 |aPS64-130/2-2015F-PDF |
| 245 | 10|aSay something if you see something |h[ressource électronique] : |bsexual exploitation is abuse and a crime : guide pour les employés des lieux d'hébergement. |
| 246 | 30|aSexual exploitation is abuse and a crime : guide pour les employés des lieux d'hébergement |
| 260 | |a[Ottawa] : |bGendarmerie royale du Canada : |bHalifax Police, |c[2015]. |
| 300 | |a[2] p. |
| 500 | |aPublié aussi en anglais sous le titre: Say something if you see something : sexual exploitation is abuse and a crime : guide for hospitality industry employees. |
| 500 | |aLe n° de catalogue (PS64-130/2-2015E) et l’ISBN (978-0-660-03865-0) de l'édition imprimée en anglais ont été copiés dans l’édition électronique. |
| 530 | |aÉgalement publié en version imprimée. |
| 692 | 07|2gccst|aTraite de personnes |
| 692 | 07|2gccst|aInfraction sexuelle |
| 692 | 07|2gccst|aIndustrie hôtelière |
| 692 | 07|2gccst|aTravailleur |
| 692 | 07|2gccst|aBrochure |
| 710 | 1 |aHalifax (N.-E.). |bPolice Dept. |
| 710 | 2 |aGendarmerie royale du Canada. |
| 775 | 08|tSay something if you see something |w(CaOODSP)9.817000 |
| 776 | 0#|tL'exploitation sexuelle est un type de mauvais traitement et un crime |w(CaOODSP)9.806287 |
| 856 | 40|qPDF|s444 Ko|uhttps://publications.gc.ca/collections/collection_2016/grc-rcmp/PS64-130-2-2015-fra.pdf |